| 000 | 00652nam a2200229 a 4500 | ||
|---|---|---|---|
| 999 |
_c62 _d62 |
||
| 003 | UPN | ||
| 005 | 20240621063640.0 | ||
| 008 | 991125s1981 mx 000 0 spa u | ||
| 020 | _a9688045349 | ||
| 035 | _aUPN01000000062 | ||
| 040 |
_aUPN _bspa _cUPN |
||
| 049 | _aSEP | ||
| 050 | 4 |
_aPQ2469 E8 _bV4 |
|
| 100 | 1 |
_aVerne, Jules, _d1828-1905 _927907 |
|
| 245 | 1 | 0 |
_a20,000 Leguas de viaje submarino / _cJulio Verne ; tr. Aurelio de Iztueta. |
| 260 |
_aMéxico : _bNuevas Técnicas Educativas : _bSEP, _c1981. |
||
| 300 |
_a131 p. : _bil. |
||
| 650 | 0 |
_aLiteratura francesa _95152 |
|
| 650 | 4 |
_aNovela francesa _98238 |
|
| 905 | _aLibro | ||
| 942 |
_2lcc _cLIBRO |
||